<?xml version="1.0" encoding="UTF-8"?><?xml-stylesheet type="text/xsl" href="static/style.xsl"?><OAI-PMH xmlns="http://www.openarchives.org/OAI/2.0/" xmlns:xsi="http://www.w3.org/2001/XMLSchema-instance" xsi:schemaLocation="http://www.openarchives.org/OAI/2.0/ http://www.openarchives.org/OAI/2.0/OAI-PMH.xsd"><responseDate>2026-06-01T19:52:49Z</responseDate><request verb="GetRecord" identifier="oai:riuma.uma.es:10630/23892" metadataPrefix="marc">https://riuma.uma.es/rest/oai/request</request><GetRecord><record><header><identifier>oai:riuma.uma.es:10630/23892</identifier><datestamp>2026-02-03T12:05:10Z</datestamp><setSpec>com_10630_2254</setSpec><setSpec>col_10630_37959</setSpec></header><metadata><record xmlns="http://www.loc.gov/MARC21/slim" xmlns:dcterms="http://purl.org/dc/terms/" xmlns:doc="http://www.lyncode.com/xoai" xmlns:xsi="http://www.w3.org/2001/XMLSchema-instance" xsi:schemaLocation="http://www.loc.gov/MARC21/slim http://www.loc.gov/standards/marcxml/schema/MARC21slim.xsd">
   <leader>00925njm 22002777a 4500</leader>
   <datafield ind2=" " ind1=" " tag="042">
      <subfield code="a">dc</subfield>
   </datafield>
   <datafield ind2=" " ind1=" " tag="720">
      <subfield code="a">Gutiérrez-Reyes, Cintia</subfield>
      <subfield code="e">author</subfield>
   </datafield>
   <datafield ind2=" " ind1=" " tag="260">
      <subfield code="c">2022</subfield>
   </datafield>
   <datafield ind2=" " ind1=" " tag="520">
      <subfield code="a">En esta intervención se aportará parte de la investigación que estoy llevando a cabo en relación a la figura y la obra del escultor madrileño Juan Muñoz (Madrid 1953 – Ibiza 2001). Juan Muñoz ha sido considerado como&#xd;
uno de los escultores más importantes del arte actual por haber sido capaz de arriesgarse y utilizar la figuración en un&#xd;
momento, principio de la década de los 80 del siglo XX, en la que este tipo de lenguaje no estaba en boga. Ganador&#xd;
del Premio Nacional de Artes Plásticas en el año 2000, Juan Muñoz tuvo una educación internacional sin olvidar sus&#xd;
raíces. Ser  esta fusión la que consiga modernizar a figuras tan tradicionales&#xd;
como el pelele (Goya) componiendo ins t a l a c ione s con muñecos de ventrílocuos y maniquíes o la figura del&#xd;
homínculo revisando la iconografía del enano en la obra de Velázquez, entre otros. Pero además utiliza  la influencia&#xd;
de la cultura popular (la feria y el circo).&#xd;
En esta intervención nos centraremos en la figura de la femúncula Sara en la obra de Muñoz</subfield>
   </datafield>
   <datafield ind1="8" ind2=" " tag="024">
      <subfield code="a">https://hdl.handle.net/10630/23892</subfield>
   </datafield>
   <datafield tag="653" ind2=" " ind1=" ">
      <subfield code="a">Escultura contemporánea</subfield>
   </datafield>
   <datafield tag="653" ind2=" " ind1=" ">
      <subfield code="a">Figura humana en el arte</subfield>
   </datafield>
   <datafield tag="653" ind2=" " ind1=" ">
      <subfield code="a">Muñoz, Juan 1952-2001</subfield>
   </datafield>
   <datafield ind2="0" ind1="0" tag="245">
      <subfield code="a">Sí, es una enana. ¿Algún problema? La figura de Sara en la obra de Juan Muñoz</subfield>
   </datafield>
</record>
</metadata></record></GetRecord></OAI-PMH>